Pays enclavés - mort subite - Statistiques

Statistiques générales
  • Ce quiz a été pris 236 fois
    70 depuis la dernière actualisation
  • Le résultat moyen est 9 sur 17
Answers on the Grid
Answers color-coded by a green-red scale on the quiz's grid according to % correct below.
Eswatini
Pologne
Slovénie
Suisse
Liechtenstein
Luxembourg
Bolivie
Uruguay
Paraguay
Mauritanie
Mali
Tchad
Qatar
Andorre
République Tchèque
Albanie
Autriche
République démocratique du congo
République du congo
République centrafricaine
Lesotho
Chine
Mongolie
Micronésie
Jordanie
Pakistan
Afghanistan
Kazakhstan
Ukraine
Hongrie
 
Statistiques - réponses
Réponse % Correct
Suisse
73%
Eswatini
71%
Liechtenstein
69%
Autriche
63%
Luxembourg
63%
Andorre
61%
République Tchèque
57%
Mali
53%
Tchad
51%
Lesotho
49%
Mongolie
49%
Paraguay
47%
Bolivie
41%
République centrafricaine
39%
Hongrie
29%
Afghanistan
20%
République démocratique du congo
14%
Aucun quiz correspondant
Distribution des résultats
% des personnes avec chaque résultat
Percentile par nombre de réponses
Votre historique - résultats
Vous n’avez pas pris ce quiz depuis la dernière actualisation